The Siege (Record no. 18546)
[ view plain ]
| 000 -LEADER | |
|---|---|
| fixed length control field | 00461nam a22001697a 4500 |
| 003 - CONTROL NUMBER IDENTIFIER | |
| control field | OSt |
| 005 - DATE AND TIME OF LATEST TRANSACTION | |
| control field | 20260121164026.0 |
| 008 - FIXED-LENGTH DATA ELEMENTS--GENERAL INFORMATION | |
| fixed length control field | 250217b |||||||| |||| 00| 0 eng d |
| 040 ## - CATALOGING SOURCE | |
| Transcribing agency | Chuka University Library |
| 050 ## - LIBRARY OF CONGRESS CALL NUMBER | |
| Classification number | PR 9381.9 |
| Item number | .W39 1985 |
| 100 ## - MAIN ENTRY--PERSONAL NAME | |
| Personal name | Waweru,Mwaura |
| 9 (RLIN) | 18261 |
| 245 ## - TITLE STATEMENT | |
| Title | The Siege |
| 260 ## - PUBLICATION, DISTRIBUTION, ETC. | |
| Place of publication, distribution, etc. | Nairobi |
| Name of publisher, distributor, etc. | K.L.B |
| Date of publication, distribution, etc. | 1985 |
| 300 ## - PHYSICAL DESCRIPTION | |
| Extent | 273P. |
| 650 ## - SUBJECT ADDED ENTRY--TOPICAL TERM | |
| Topical term or geographic name entry element | African fiction (English)2.Kenyan Literature (English) |
| 9 (RLIN) | 18262 |
| 942 ## - ADDED ENTRY ELEMENTS (KOHA) | |
| Source of classification or shelving scheme | Library of Congress Classification |
| Koha item type | Long Loan Books |
| Suppress in OPAC | No |
| Koha issues (borrowed), all copies | 2 |
| Withdrawn status | Lost status | Source of classification or shelving scheme | Damaged status | Not for loan | Collection | Home library | Current library | Shelving location | Date acquired | Total Checkouts | Total Renewals | Full call number | Barcode | Date last seen | Date last checked out | Copy number | Price effective from | Koha item type |
|---|---|---|---|---|---|---|---|---|---|---|---|---|---|---|---|---|---|---|
| Library of Congress Classification | General Collection Books | Main Campus Library | Main Campus Library | General Stacks | 17/02/2025 | 2 | 1 | PR 9381.9.W39 1985 | 25008/2025 | 04/04/2026 | 21/01/2026 | 1 | 17/02/2025 | Long Loan Books | ||||
| Library of Congress Classification | Africana Collection | Main Campus Library | Main Campus Library | Fiction | 11/06/2025 | AFR PL 8379.4 .N46 1989 | 11/06/2025 | 11/06/2025 | Long Loan Books |
